Statistics for Every Aaliyah song that hit the Billboard hot 100

Click here to take the quiz!

General Stats

  • This quiz has been taken 103 times
  • The average score is 7 of 15

Answer Stats

Peak Chart PositionYearSong% Correct
142001Rock The Boat
86%
12000Try Again
86%
51994Back & Forth
67%
211998Are You That Somebody?
63%
252002More Than A Woman
59%
61994At Your Best (You Are Love)
55%
751995Age Ain't Nothing But A Number
52%
592001We Need A Resolution
47%
111996If Your Girl Only Knew
45%
32003Miss You
45%
162002I Care 4 U
33%
352000I Don't Wanna
33%
91997The One I Gave My Heart To
31%
322003Come Over
23%
852013Don't Think They Know
14%

Score Distribution

Percentile by Number Answered

Percent of People with Each Score

Your Score History

You have not taken this quiz